MARC details
| 000 -LEADER |
| fixed length control field |
02303cam a2200385 4500 |
| 001 - CONTROL NUMBER |
| control field |
ABS66047 |
| 008 - FIXED-LENGTH DATA ELEMENTS--GENERAL INFORMATION |
| fixed length control field |
021101n2002 000 0 eng u |
| 035 ## - SYSTEM CONTROL NUMBER |
| System control number |
(Sirsi) u120334 |
| 100 ## - MAIN ENTRY--PERSONAL NAME |
| Personal name |
Pugh-Smith, J. |
| 245 ## - TITLE STATEMENT |
| Title |
Environmental Impact Assessments: the continuing jurisprudence |
| 260 ## - PUBLICATION, DISTRIBUTION, ETC. |
| Date of publication, distribution, etc. |
2002 |
| 490 ## - SERIES STATEMENT |
| Series statement |
Journal of Planning and Environment Law |
| Volume/sequential designation |
November 2002, 1316-1324(9) |
| 520 ## - SUMMARY, ETC. |
| Summary, etc. |
Examines the impact of Environmental Impact Assessments (EIA) introduced by Directive 85/337/EEC on UK environmental law. Argues that EIA has generated numerous cases by becoming a potential trap for local planning authorities and developers, and offering a weapon for third party objectors. Provides a detailed interpretation of the Town and Country Planning (Environmental Impact Assessment) (England and Wales) Regulations 1999 with reference to case law, highlighting the application of thresholds and criteria to decide whether a project requires EIA. Continues by examining case law on the following areas: attacks on decisions not to require EIA, focusing on the consideration of likely effects; the level of detail required in an environmental statement; whether EIA requirements apply to the stage of approval of reserved matters; and the timing of EIA challenges. Case law. |
| 590 ## - LOCAL NOTE (RLIN) |
| Local note |
ABS |
| 650 ## - SUBJECT ADDED ENTRY--TOPICAL TERM |
| Topical term or geographic name entry element |
BERKELEY V SOS ENVIRONMENT AND ANOTHER |
| 650 ## - SUBJECT ADDED ENTRY--TOPICAL TERM |
| Topical term or geographic name entry element |
R V BRENT LBC EX P FRANCIS |
| 650 ## - SUBJECT ADDED ENTRY--TOPICAL TERM |
| Topical term or geographic name entry element |
R V YORK CITY COUNCIL EX P PROPHET |
| 650 ## - SUBJECT ADDED ENTRY--TOPICAL TERM |
| Topical term or geographic name entry element |
BRITISH TELECOMMUNICATIONS PLC V GLOUCESTER CITY COUNCIL |
| 650 ## - SUBJECT ADDED ENTRY--TOPICAL TERM |
| Topical term or geographic name entry element |
MALSTER V IPSWICH BC |
| 650 ## - SUBJECT ADDED ENTRY--TOPICAL TERM |
| Topical term or geographic name entry element |
FERNBACK V HARROW LBC |
| 650 ## - SUBJECT ADDED ENTRY--TOPICAL TERM |
| Topical term or geographic name entry element |
R V ROCHDALE MBC EX P TEW |
| 650 ## - SUBJECT ADDED ENTRY--TOPICAL TERM |
| Topical term or geographic name entry element |
ELMBRIDGE BC V SOS ENVIRONMENT |
| 650 ## - SUBJECT ADDED ENTRY--TOPICAL TERM |
| Topical term or geographic name entry element |
R V ROCHDALE MBC EX P MILNE AND OTHERS |
| 650 ## - SUBJECT ADDED ENTRY--TOPICAL TERM |
| Topical term or geographic name entry element |
R V WEYMOUTH AND PORTLAND BC EX P PORTLAND PORT LTD |
| 650 ## - SUBJECT ADDED ENTRY--TOPICAL TERM |
| Topical term or geographic name entry element |
R V CORNWALL CC EX P HARDY |
| 650 ## - SUBJECT ADDED ENTRY--TOPICAL TERM |
| Topical term or geographic name entry element |
R V BROMLEY LBC AND ANOTHER EX P BARKER |
| 650 ## - SUBJECT ADDED ENTRY--TOPICAL TERM |
| Topical term or geographic name entry element |
R V OXFORD CITY COUNCIL EX P YOUNG |
| 650 ## - SUBJECT ADDED ENTRY--TOPICAL TERM |
| Topical term or geographic name entry element |
ENVIRONMENTAL IMPACT ASSESSMENTS |
| 650 ## - SUBJECT ADDED ENTRY--TOPICAL TERM |
| Topical term or geographic name entry element |
ENVIRONMENTAL LAW |
| 650 ## - SUBJECT ADDED ENTRY--TOPICAL TERM |
| Topical term or geographic name entry element |
ENVIRONMENTAL STATEMENTS |
| 650 ## - SUBJECT ADDED ENTRY--TOPICAL TERM |
| Topical term or geographic name entry element |
PLANNING PERMISSION |
| 650 ## - SUBJECT ADDED ENTRY--TOPICAL TERM |
| Topical term or geographic name entry element |
TOWN AND COUNTRY PLANNING (ENVIRONMENTAL IMPACT ASSESSMENT) (ENGLAND AND WALES) REGULATIONS 1999 |
| 690 ## - LOCAL SUBJECT ADDED ENTRY--TOPICAL TERM (OCLC, RLIN) |
| Topical term or geographic name as entry element |
ENVIRONMENTAL AND LAND CONSULTANCY |
| 942 ## - ADDED ENTRY ELEMENTS (KOHA) |
| Suppress in OPAC |
0 |